Every Quality 4 Item in The Binding of Isaac - Statistics

General Stats
  • This quiz has been taken 62 times
  • The average score is 28 of 38
Answer Stats
Description Type Item % Correct
Double shot Passive 20/20
97%
Blood laser barrage Passive Brimstone
97%
Reroll forever Active D Infinity
94%
God tears Passive Godhead
94%
Stab stab stab Passive Mom's Knife
94%
Homing shots + DMG up Passive Sacred Heart
92%
Dark friend Passive Incubus
89%
All stats up! Passive Magic Mushroom
89%
Reroll your destiny Active The D6
89%
All you can eat Passive Binge Eater
86%
On-demand air strike Passive Epic Fetus
86%
It's only up from there Passive Rock Bottom
86%
Fetus shots Passive C Section
83%
??? Passive Dr. Fetus
83%
Explosive shots Passive Ipecac
83%
It hurts so good +5 bombs Passive Pyromaniac
83%
Time to start over Active R Key
83%
Laser ring tears Passive Tech X
83%
I'm a big boy now! Active Mega Mush
81%
Double trouble! Passive Twisted Pair
81%
Mega tears Passive Polyphemus
78%
-1 Active Spindown Dice
78%
Let's slow this down a bit... Passive Stop Watch
78%
Damage resistance Passive The Wafer
78%
DMG up Passive Cricket's Head
75%
Holy shield Passive Holy Mantle
75%
Flamboyant protector Passive Psy Fly
69%
Where am I? Active Death Certificate
67%
I'm seeing red... Passive Haemolacria
61%
Laser breath Active Mega Blast
56%
Awaken your faith Passive Revelation
53%
The untainted gain power Passive Crown Of Light
47%
Twist of fate Active Flip
47%
Destined for greatness Passive Sacred Orb
39%
????? Passive Glitched Crown
36%
It feels cursed Passive Broken Shovel (Blade)
28%
It feels cursed Active Broken Shovel (Handle)
28%
Lost but not forgotten Active Mom's Shovel
25%
No matching quizzes found
Score Distribution
Percent of People with Each Score
Percentile by Number Answered
Your Score History
You have not taken this quiz